000 00550nam a2200217Ia 4500
003 OSt
005 20221005113601.0
006 a|||||r|||| 00| 0
007 ta
008 221004b |||||||| |||| 00| 0 mar d
024 _a46657
037 _cTextual
040 _aCRL
_cCRL
_bmar
041 _2mar
_amar
082 _aV2,51.M57, 155J7
100 _aShikare D.N
_9624561
245 0 _a1857 Cha swatantrya Jawala
650 _aHISTORY
942 _hV2,51.M57, 155J7
_cTEXL
_2cc
999 _c1028639
_d1028639